| 000 | 00430nam a2200181Ia 4500 | ||
|---|---|---|---|
| 003 | OSt | ||
| 005 | 20220826163805.0 | ||
| 008 | 210210b1922 xxu||||| |||| 00| 0 eng d | ||
| 040 | _cAL | ||
| 041 | _aeng | ||
| 082 | _a821/262 | ||
| 100 |
_aGRAY (Thomas) _955700 |
||
| 245 | _aEnglish poems | ||
| 260 |
_aCambridge _bAt the University Press _c1922 |
||
| 690 |
_aEnglish Literature _955701 |
||
| 906 | _a011431 | ||
| 942 |
_2ddc _cBK |
||
| 999 |
_c130108 _d130108 |
||